000 00532nam a22001817a 4500
005 20251108164923.0
008 250721s1999 xx 000 0 ara d
082 1 4 _a657.8/نضا
100 1 _aالعربيد، نضال فارس
245 1 0 _aالمحاسبة في شركات التأمين /
264 1 _aعمان :
_bمؤسسة الوراق،
_c1999.
300 _a302ص
650 1 7 _aمحاسبة الشركات
650 1 7 _aالمحاسبة
650 1 7 _aشركات التأمين
942 _2ddc
_cBK
999 _c17462
_d17462